| 000 | 00975nam a2200205Ii 4500 | ||
|---|---|---|---|
| 003 | JO-AjNU | ||
| 008 | 230605s9999||||xx |||||||||||||| ||und|| | ||
| 040 |
_aJO-AjNU _bara _erda _cJO-AjNU |
||
| 041 | _aara | ||
| 050 | 1 | 4 | _aPJ7750.M8 A17 1978 |
| 100 | 3 |
_aالعكبرى، ابي البقاء؛ ضبطه وصححه ووضع فهارسه مصطفى السقا، ابراهيم الابياري، عبد الحفيظ شلبي , _eauthor _959388 |
|
| 245 | 0 | 0 | _a ديوان أبي الطيب المتنبي بشرح أبي البقاء العكبري، المسمى، التبيان في شرح الديوان ؛ ج3-4 |
| 264 | 3 | 1 | _aبيروت: دار المعرفة للطباعة والنشر، 1978 |
| 300 | _aج3-4: 385ص | ||
| 336 |
_atext _btxt _2rdacontent |
||
| 337 |
_aunmediated _bn _2rdamedia |
||
| 338 |
_avolume _bnc _2rdacarrier |
||
| 490 | 0 | _aتراث العرب؛3 | |
| 650 | 4 |
_aالشعر العربي- تاريخ وتقد- العصر العباسي _959389 |
|
| 999 |
_aA26722 _c30290 _d30290 |
||